Qualitative Research and Phenomenology/ (Record no. 192421)
[ view plain ]
| 000 -LEADER | |
|---|---|
| fixed length control field | 00586nam a22001817a 4500 |
| 005 - DATE AND TIME OF LATEST TRANSACTION | |
| control field | 20220921150050.0 |
| 010 ## - LCCN (DPL NO) | |
| LC control number | ENG-135166 |
| 020 ## - INTERNATIONAL STANDARD BOOK NUMBER | |
| Terms of availability | 500.00 |
| 035 ## - SYSTEM CONTROL NUMBER | |
| System control number | EN-118698 |
| 037 ## - SOURCE OF ACQUISITION | |
| Source of stock number/acquisition | DBAD / PUB |
| 082 ## - DEWEY DECIMAL CLASSIFICATION NUMBER | |
| Classification number | 300.72 |
| 100 ## - MAIN ENTRY--PERSONAL NAME | |
| Personal name | Akanksha singh |
| 245 ## - TITLE STATEMENT | |
| Title | Qualitative Research and Phenomenology/ |
| Statement of responsibility, etc | Akanksha singh |
| 260 ## - PUBLICATION, DISTRIBUTION, ETC. (IMPRINT) | |
| Place of publication, distribution, etc | Lucknow |
| Name of publisher, distributor, etc | Bharat Book Centre |
| Date of publication, distribution, etc | 2016 |
| 270 ## - ADDRESS | |
| City | Luckhnow |
| Address | 17, Ashok Marg |
| Postal code | 226001 |
| Telephone number | 9415102821 |
| Electronic mail address | bharatbookcentre@yahoo.com |
| 300 ## - PHYSICAL DESCRIPTION | |
| Extent | 175p. |
| Dimensions | 21cm(hb). |
| Other physical details | Conclusion, Reference and Bibliography |
| 942 ## - ADDED ENTRY ELEMENTS (KOHA) | |
| Source of classification or shelving scheme | Dewey Decimal Classification |
| Item type | English Books |
| Call number suffix | AKA |
| Classification part | 300.72 |
| Withdrawn status | Lost status | Not for loan | Collection code | Home library | Current library | Date acquired | Source of acquisition | Cost, normal purchase price | Full call number | Barcode | Copy number | Cost, replacement price | Koha item type |
|---|---|---|---|---|---|---|---|---|---|---|---|---|---|
| Non-fiction | Bawana | Bawana | 21/09/2022 | DBAD/PUB | 500.00 | 300.72 AKA | EN-118698 | 1 | 500.00 | English Books |
